Air Brake Technology. (Record no. 7289)

MARC details
000 -LEADER
fixed length control field 00553nam a22002057a 4500
003 - CONTROL NUMBER IDENTIFIER
control field OSt
005 - DATE AND TIME OF LATEST TRANSACTION
control field 20251007102701.0
008 - FIXED-LENGTH DATA ELEMENTS--GENERAL INFORMATION
fixed length control field 210929b ||||| |||| 00| 0 eng d
020 ## - INTERNATIONAL STANDARD BOOK NUMBER
International Standard Book Number 0748705643
040 ## - CATALOGING SOURCE
Transcribing agency must
082 ## - DEWEY DECIMAL CLASSIFICATION NUMBER
Classification number 629.2HOM 1997
100 ## - MAIN ENTRY--PERSONAL NAME
Personal name Homewood,Martin;
9 (RLIN) 14959
245 ## - TITLE STATEMENT
Title Air Brake Technology.
Statement of responsibility, etc. Edited by Homewood,Martin;
250 ## - EDITION STATEMENT
Edition statement 3rd ed
260 ## - PUBLICATION, DISTRIBUTION, ETC. (IMPRINT)
Place of publication, distribution, etc. England
Name of publisher, distributor, etc. Stanley Thornes (Publishers) Ltd.
Date of publication, distribution, etc. 1997
300 ## - PHYSICAL DESCRIPTION
Extent vii,151p;
Other physical details ill;
Dimensions 19cm
504 ## - BIBLIOGRAPHY, ETC. NOTE
Bibliography, etc Includes; Index.
650 ## - SUBJECT ADDED ENTRY--TOPICAL TERM
Topical term or geographic name as entry element Physics
9 (RLIN) 809
942 ## - ADDED ENTRY ELEMENTS (KOHA)
Source of classification or shelving scheme Dewey Decimal Classification
Koha item type Open Shelf
Holdings
Withdrawn status Lost status Source of classification or shelving scheme Damaged status Not for loan Home library Current library Date acquired Source of acquisition Inventory number Total Checkouts Full call number Barcode Date last seen Price effective from Koha item type
    Dewey Decimal Classification     MUST Main Library MUST Main Library 29/09/2021 Donation 2000/13818   629.2HOM 1997 2021-1313 29/09/2021 29/09/2021 Open Shelf
    Other/Generic Classification Scheme     MUST Main Library MUST Main Library 07/10/2025 Donation 2000/13817   629.2HOM 1997 2025-0061 07/10/2025 07/10/2025 Book Bank